Krízový manažment
Práve v krízových časoch sa rodí veľká šanca pre tvorivých pracovníkov. Charakteristika krízového manažmentu. Krízové plánovanie. Potreba nového myslenia. Globalizácia sa vyznačuje predovšetkým tým, že vytvára veľa nových príležitostí. Tie môžu byť strategické alebo tradičné.
Salvato in:
| Autore principale: | |
|---|---|
| Natura: | Capitolo di libro |
| Lingua: | slovacco |
| Soggetti: | |
| Tags: |
Nessun Tag, puoi essere il primo ad aggiungerne!!
|
MARC
| LEADER | 00000naa$a2200000$$$4500 | ||
|---|---|---|---|
| 001 | 0008552 | ||
| 005 | 20231005104318.5 | ||
| 041 | 0 | |a slo | |
| 044 | |a SK | ||
| 245 | 1 | 0 | |a Krízový manažment |c aut. Iveta Ubrežiová |
| 520 | |a Práve v krízových časoch sa rodí veľká šanca pre tvorivých pracovníkov. Charakteristika krízového manažmentu. Krízové plánovanie. Potreba nového myslenia. Globalizácia sa vyznačuje predovšetkým tým, že vytvára veľa nových príležitostí. Tie môžu byť strategické alebo tradičné. | ||
| 610 | 2 | 0 | |a manažment krízový |
| 610 | 2 | 0 | |a plánovanie |
| 610 | 2 | 0 | |a nadprodukt |
| 610 | 2 | 0 | |a zisk |
| 610 | 2 | 0 | |a kríza |
| 610 | 2 | 0 | |a globalizácia |
| 610 | 2 | 0 | |a myslenie ekonomické |
| 100 | 1 | |a Ubrežiová, Iveta | |